Statistics for Highest Indian American population US Metropolitan areas

Click here to take the quiz!

General Stats

  • This quiz has been taken 210 times
  • The average score is 17 of 23

Answer Stats

Hint Answer % Correct
623,000New York City
95%
119,901Los Angeles
93%
171,901Chicago
92%
100,386Dallas
91%
119,854San Francisco
89%
41,334Miami
89%
91,637Houston
89%
52,652Seattle
87%
62,598Boston
84%
127,963Washington DC
83%
24,306San Diego
78%
90,286Philadelphia
76%
31,203Phoenix
76%
78,980Atlanta
74%
55,087Detroit
73%
26,105Orlando
64%
23,503Austin
63%
117,711San Jose
63%
32,193Baltimore
60%
29,453Minneapolis
59%
23,526Tampa
59%
20,192Raleigh
38%
23,587Riverside
23%

Score Distribution

Percentile by Number Answered

Percent of People with Each Score

Your Score History

You have not taken this quiz